00769 a2200181 4500003000500000005001700005020001800022040000900040082001600049100003100065245004900096260003700145300001000182505022500192942001200417999001900429952013900448Nust20221221113134.0 a0-7007-1064-7 cNust a181.07, NET aLan Richard Netton9105498 aAl-Farabi and His SchoolcLan Richard Netton aNew yourkbRichard nettonc1992 a128p; aThe Age of Farabism (Page-1), The Epistemological Substrate of Farabism The Paradigm of the Second Master (Page-31), The Epistemological Substrate of Farabism In the Steps of Their Master (Page-55), Conclusion (Page-84). 2ddccBK c193869d193869 00102ddc4070aMCSbMCScGENd2016-12-12l2o181.07,NETpMCS28051r2024-06-05s2024-05-21w2016-12-12yBKzAlmirah No.46, Shelf No.5